[Event "Benidorm op U2000 18th"]
[Site "Benidorm"]
[Date "2019.12.05"]
[Round "8"]
[White "Perez Garcia, Jose Miguel"]
[Black "Westerweele, Henrik"]
[Result "1/2-1/2"]
[WhiteElo "1920"]
[BlackElo "1977"]
[PlyCount "43"]
[EventDate "2019.11.29"]
[EventType "swiss"]
[EventRounds "10"]
[EventCountry "ESP"]
[SourceTitle "EXT 2022"]
[Source "ChessBase"]
[SourceDate "2021.10.06"]
[SourceVersion "1"]
[SourceVersionDate "2021.10.06"]
[SourceQuality "1"]

1. d4 e6 2. g3 f5 3. Bg2 Nf6 4. c4 Be7 5. Nf3 0-0 6. 0-0 d6 7. b3 Qe8 8. Bb2 Qh5 9. e3 Nc6 10. Nc3 Nd8 11. Nd2 Qh6 12. Qe2 c6 13. f4 e5 14. Rfe1 Nf7 15. d5 e4 16. dxc6 bxc6 17. Nf1 Ba6 18. b4 d5 19. b5 Bb7 20. bxc6 Bxc6 21. cxd5 Nxd5 22. Nxd5 1/2-1/2

[Event "Benidorm op U2000 18th"]
[Site "Benidorm"]
[Date "2019.12.02"]
[Round "4"]
[White "Gochev, Plamen"]
[Black "Westerweele, Henrik"]
[Result "1/2-1/2"]
[WhiteElo "1887"]
[BlackElo "1977"]
[PlyCount "102"]
[EventDate "2019.11.29"]
[EventType "swiss"]
[EventRounds "10"]
[EventCountry "ESP"]
[SourceTitle "EXT 2022"]
[Source "ChessBase"]
[SourceDate "2021.10.06"]
[SourceVersion "1"]
[SourceVersionDate "2021.10.06"]
[SourceQuality "1"]

1. c4 e6 2. Nc3 f5 3. g3 Nf6 4. Bg2 Be7 5. e3 0-0 6. Nge2 d6 7. d4 Qe8 8. b4 Nbd7 9. Nf4 Bd8 10. Qb3 g5 11. Nfe2 c6 12. b5 d5 13. a4 Nb6 14. c5 Nc4 15. e4 Na5 16. Qc2 Nxe4 17. Nxe4 fxe4 18. Rb1 Bd7 19. Nc3 e5 20. dxe5 Qxe5 21. 0-0 Bf5 22. Ne2 e3 23. Qb2 Qxb2 24. Rxb2 Bf6 25. fxe3 Bxb2 26. Bxb2 Be4 27. Rc1 Bxg2 28. Kxg2 Rae8 29. Rc3 Rf7 30. Nd4 Ref8 31. Rc2 Nc4 32. Bc1 Re8 33. Rc3 Ne5 34. bxc6 bxc6 35. g4 Nxg4 36. Nxc6 Ref8 37. Rc2 Rf2+ 38. Rxf2 Rxf2+ 39. Kg3 Rc2 40. Kxg4 Rxc1 41. Nxa7 Rxc5 42. Nb5 Rc4+ 43. Kxg5 Rxa4 44. Nd4 Ra2 45. h4 Rg2+ 46. Kf6 Rh2 47. Nf5 Kf8 48. Ke6 Rd2 49. Kf6 Kg8 50. Ke6 Kf8 51. Kf6 Kg8 1/2-1/2

[Event "Vlissingen HZ op 23rd"]
[Site "Vlissingen"]
[Date "2019.08.06"]
[Round "5"]
[White "Wunnink, Michael"]
[Black "Westerweele, Henrik"]
[Result "1-0"]
[WhiteElo "2249"]
[BlackElo "1961"]
[PlyCount "63"]
[EventDate "2019.08.03"]
[EventType "swiss"]
[EventRounds "9"]
[EventCountry "NED"]
[SourceTitle "CBM 191 Extra"]
[Source "ChessBase"]
[SourceDate "2019.09.30"]
[SourceVersion "1"]
[SourceVersionDate "2019.09.30"]
[SourceQuality "1"]

1. d4 e6 2. c4 f5 3. g3 Nf6 4. Bg2 Be7 5. Nf3 d6 6. 0-0 0-0 7. b3 Qe8 8. Bb2 Qh5 9. e3 Ne4 10. Nc3 Nxc3 11. Bxc3 Nd7 12. Qc2 Nf6 13. Rae1 Ne4 14. Nd2 Nxc3 15. Qxc3 Bf6 16. f4 Re8 17. Nf3 Bd7 18. Qa5 Bd8 19. Qd2 Bf6 20. Qd3 Rad8 21. Nd2 c6 22. e4 e5 23. fxe5 dxe5 24. d5 f4 25. c5 fxg3 26. hxg3 Rf8 27. Nc4 Bg4 28. Nd6 Be7 29. Nxb7 Rxf1+ 30. Qxf1 Rd7 31. dxc6 Rxb7 32. Qc4+ 1-0

[Event "Vlissingen HZ op 23rd"]
[Site "Vlissingen"]
[Date "2019.08.04"]
[Round "2"]
[White "Westerweele, Henrik"]
[Black "Hagen, Tejo"]
[Result "1-0"]
[WhiteElo "1961"]
[BlackElo "1662"]
[PlyCount "47"]
[EventDate "2019.08.03"]
[EventType "swiss"]
[EventRounds "9"]
[EventCountry "NED"]
[SourceTitle "CBM 191 Extra"]
[Source "ChessBase"]
[SourceDate "2019.09.30"]
[SourceVersion "1"]
[SourceVersionDate "2019.09.30"]
[SourceQuality "1"]

1. e4 c5 2. c3 d5 3. exd5 Qxd5 4. d4 cxd4 5. cxd4 e6 6. Nf3 Nf6 7. a3 Be7 8. Nc3 Qd8 9. Bd3 0-0 10. 0-0 Nc6 11. Re1 Re8 12. Bc2 b6 13. Bg5 Bb7 14. Qd3 g6 15. h4 h5 16. Rxe6 Ba6 17. Qxa6 fxe6 18. Qd3 Bf8 19. Qxg6+ Bg7 20. Ne4 Rf8 21. Nxf6+ Rxf6 22. Qh7+ Kf8 23. Ne5 Qxd4 24. Bxf6 1-0

[Event "Vlissingen HZ op 22nd"]
[Site "Vlissingen"]
[Date "2018.08.07"]
[Round "5"]
[White "Mesman, Edwyn"]
[Black "Westerweele, Henrik"]
[Result "1-0"]
[WhiteElo "2154"]
[BlackElo "1956"]
[PlyCount "81"]
[EventDate "2018.08.04"]
[EventType "swiss"]
[EventRounds "9"]
[EventCountry "NED"]
[SourceTitle "CBM 185 Extra"]
[Source "ChessBase"]
[SourceDate "2018.07.29"]
[SourceVersion "1"]
[SourceVersionDate "2018.07.29"]
[SourceQuality "1"]

1. d4 e6 2. c4 f5 3. Nf3 Nf6 4. g3 Be7 5. Bg2 0-0 6. 0-0 d6 7. b3 Ne4 8. Bb2 Bf6 9. Nbd2 Nc6 10. e3 Bd7 11. Ne1 Nxd2 12. Qxd2 Qe8 13. Nd3 Nd8 14. Rae1 e5 15. dxe5 dxe5 16. e4 fxe4 17. Nc5 Bc6 18. Nxe4 Nf7 19. f4 Qd8 20. Nxf6+ gxf6 21. Qe2 Bxg2 22. Kxg2 Qd7 23. fxe5 Qc6+ 24. Qe4 Qxe4+ 25. Rxe4 Nxe5 26. Bxe5 fxe5 27. Rxe5 Rxf1 28. Kxf1 Rf8+ 29. Ke2 Rf7 30. a4 Rd7 31. Rd5 Re7+ 32. Kd2 Kf7 33. a5 a6 34. b4 c6 35. Rd4 Kf6 36. Kd3 Kf5 37. Rf4+ Kg6 38. Kd4 Kg7 39. Kc5 Rd7 40. Rd4 Rf7 41. Kd6 1-0

[Event "Benidorm op U2000 16th"]
[Site "Benidorm"]
[Date "2017.12.02"]
[Round "2"]
[White "Westerweele, Henrik"]
[Black "Mileo, Pierpaolo"]
[Result "0-1"]
[WhiteElo "1990"]
[BlackElo "1828"]
[PlyCount "58"]
[EventDate "2017.12.01"]
[EventType "swiss"]
[EventRounds "10"]
[EventCountry "ESP"]
[SourceTitle "EXT 2019"]
[Source "ChessBase"]
[SourceDate "2018.10.10"]
[SourceVersion "1"]
[SourceVersionDate "2018.10.10"]
[SourceQuality "1"]

1. e4 e6 2. d4 b6 3. Nf3 Bb7 4. Bd3 c5 5. c3 cxd4 6. cxd4 Nf6 7. Qe2 Nc6 8. Nc3 Nb4 9. Bc4 Rc8 10. 0-0 Qc7 11. Bb5 a6 12. Ba4 Be7 13. a3 Nc6 14. e5 Nd5 15. Ne4 b5 16. Bd1 b4 17. Bd2 Qb6 18. Nd6+ Bxd6 19. exd6 Nxd4 20. Nxd4 Qxd4 21. axb4 Qxb2 22. Ba4 Nc3 23. Qd3 Nxa4 24. Rxa4 Rc2 25. Be3 0-0 26. Ra3 Rc6 27. Bd4 Qc2 28. Qg3 Qg6 29. Qf4 Rc3 0-1

[Event "Vlissingen HZ op 21st"]
[Site "Vlissingen"]
[Date "2017.08.06"]
[Round "2"]
[White "Westerweele, Henrik"]
[Black "Vedder, Richard"]
[Result "0-1"]
[WhiteElo "1978"]
[BlackElo "2255"]
[PlyCount "62"]
[EventDate "2017.08.05"]
[EventType "swiss"]
[EventRounds "9"]
[EventCountry "NED"]
[SourceTitle "CBM 179 Extra"]
[Source "ChessBase"]
[SourceDate "2017.08.23"]
[SourceVersion "1"]
[SourceVersionDate "2017.08.23"]
[SourceQuality "1"]

1. e4 e5 2. Nf3 Nc6 3. Bc4 Nf6 4. d3 Be7 5. 0-0 0-0 6. c3 d6 7. Re1 Na5 8. Bb5 a6 9. Ba4 b5 10. Bc2 c5 11. Nbd2 Nc6 12. Nf1 Qc7 13. Ng3 Re8 14. Bg5 h6 15. Bd2 d5 16. exd5 Nxd5 17. Qc1 Bg4 18. Bd1 Rad8 19. h3 Bc8 20. Bc2 Bf8 21. Nh4 Qe7 22. Nhf5 Qf6 23. Ne3 Nf4 24. Qb1 h5 25. Nef1 h4 26. Ne2 Bxh3 27. Nxf4 exf4 28. Qd1 Rxe1 29. Bxe1 Bf5 30. Qf3 g5 31. Rd1 c4 0-1

[Event "Vlissingen HZ op 19th"]
[Site "Vlissingen"]
[Date "2015.08.06"]
[Round "7"]
[White "Sturm, Pieter"]
[Black "Westerweele, Henrik"]
[Result "0-1"]
[WhiteElo "2077"]
[BlackElo "1904"]
[PlyCount "78"]
[EventDate "2015.08.01"]
[EventType "swiss"]
[EventRounds "9"]
[EventCountry "NED"]
[SourceTitle "CBM 167 Extra"]
[Source "ChessBase"]
[SourceDate "2015.09.14"]
[SourceVersion "1"]
[SourceVersionDate "2015.09.14"]
[SourceQuality "1"]

1. Nc3 d5 2. e4 e6 3. f4 Nf6 4. e5 Nfd7 5. Nf3 c5 6. d3 Nc6 7. g3 b5 8. Bd2 Qb6 9. Bg2 Be7 10. 0-0 0-0 11. Ne2 a5 12. c3 Ba6 13. Qc2 b4 14. Rac1 Rab8 15. Be3 b3 16. axb3 Qxb3 17. c4 Qxb2 18. cxd5 Qxc2 19. Rxc2 Nb4 20. Rd2 Nxd5 21. Bf2 Rfc8 22. Ra1 Bd8 23. Ne1 Rb3 24. h3 Rcb8 25. Be4 Rb2 26. Ra2 Rxd2 27. Rxd2 Rb3 28. Kg2 a4 29. Nc1 Rb8 30. Na2 Ba5 31. Re2 a3 32. Bxd5 exd5 33. e6 fxe6 34. Rxe6 Bxe1 35. Bxe1 Bxd3 36. Bc3 d4 37. Nc1 Bc4 38. Rd6 dxc3 39. Rxd7 Rb1 0-1

[Event "Maastricht Limburg op-B 8th"]
[Site "Maastricht"]
[Date "2014.06.08"]
[Round "5"]
[White "Sinke, Wim"]
[Black "Westerweele, Henrik"]
[Result "0-1"]
[WhiteElo "1874"]
[BlackElo "1960"]
[PlyCount "68"]
[EventDate "2014.06.06"]
[EventType "swiss"]
[EventRounds "7"]
[EventCountry "NED"]
[SourceTitle "EXT 2015"]
[Source "ChessBase"]
[SourceDate "2014.11.20"]
[SourceVersion "1"]
[SourceVersionDate "2014.11.20"]
[SourceQuality "1"]

1. e4 e6 2. d4 d5 3. Nd2 Nf6 4. e5 Nfd7 5. Bd3 c5 6. c3 Nc6 7. Ne2 cxd4 8. cxd4 f6 9. Nf4 Nxd4 10. Qh5+ Ke7 11. Ng6+ hxg6 12. exf6+ Nxf6 13. Qxh8 Kf7 14. 0-0 e5 15. Nb3 Nc6 16. Bg5 Bf5 17. Be2 Qd6 18. Be3 d4 19. Rfd1 Rd8 20. Qh4 Be7 21. Bg5 Be6 22. Rac1 Bd5 23. Bc4 Qe6 24. Nd2 Bxc4 25. Nxc4 d3 26. Qg3 e4 27. Qc7 Rd7 28. Qf4 Nd4 29. Ne5+ Kg8 30. Rc8+ Rd8 31. Rxd8+ Bxd8 32. Qe3 Qxe5 33. Rxd3 Bb6 34. Bf4 Qxf4 0-1

[Event "Benidorm op U2000 12th"]
[Site "Benidorm"]
[Date "2013.11.29"]
[Round "1"]
[White "Westerweele, Henrik"]
[Black "Cribilles Perez, Carlos"]
[Result "1-0"]
[WhiteElo "1948"]
[BlackElo "1698"]
[PlyCount "53"]
[EventDate "2013.11.29"]
[EventType "swiss"]
[EventRounds "10"]
[EventCountry "ESP"]
[SourceTitle "CBM 157 Extra"]
[Source "ChessBase"]
[SourceDate "2013.12.19"]
[SourceVersion "1"]
[SourceVersionDate "2013.12.19"]
[SourceQuality "1"]

1. e4 c5 2. c3 d5 3. exd5 Qxd5 4. d4 Nc6 5. Nf3 Bg4 6. Be2 e6 7. Be3 Nge7 8. Nbd2 Nf5 9. c4 Qd8 10. d5 exd5 11. Bf4 Bd6 12. cxd5 Bxf4 13. dxc6 bxc6 14. h3 Bxf3 15. Nxf3 Qa5+ 16. Kf1 0-0 17. Qc2 Nd4 18. Nxd4 cxd4 19. Bd3 h6 20. Qxc6 Rac8 21. Qe4 Rfe8 22. Qxf4 Qb4 23. g3 Qxb2 24. Kg2 Rc3 25. Rhe1 Rf8 26. Qxd4 Qd2 27. Bh7+ 1-0

[Event "Alcudia Belleuve"]
[Site "Alcudia"]
[Date "2012.10.14"]
[Round "1.16"]
[White "Westerweele, Henrik"]
[Black "Carranza Pons, Ricardo Nelson"]
[Result "1-0"]
[WhiteElo "1942"]
[BlackElo "1718"]
[PlyCount "31"]
[EventDate "2012.10.14"]
[EventType "swiss"]
[EventRounds "9"]
[EventCountry "ESP"]
[SourceTitle "EXT 2024"]
[Source "ChessBase"]
[SourceDate "2023.10.10"]
[SourceVersion "1"]
[SourceVersionDate "2023.10.10"]
[SourceQuality "1"]

1. e4 d5 2. d4 e6 3. e5 c5 4. c3 Nc6 5. Nf3 cxd4 6. cxd4 Qb6 7. Nc3 Bb4 8. Bd3 Nxd4 9. Nxd4 Bd7 10. Be3 Qa5 11. 0-0 Bxc3 12. bxc3 Qxc3 13. Rc1 Qa5 14. Qb3 Ne7 15. Qxb7 Rc8 16. Nb5 1-0

[Event "BEL-chT 1112"]
[Site "Belgium"]
[Date "2012.02.12"]
[Round "8.8"]
[White "Maas, Thomas"]
[Black "Westerweele, Henrik"]
[Result "1-0"]
[WhiteElo "2102"]
[BlackElo "1961"]
[PlyCount "97"]
[EventDate "2011.10.09"]
[EventType "team-tourn"]
[EventRounds "11"]
[EventCountry "BEL"]
[SourceTitle "EXT 2013"]
[Source "ChessBase"]
[SourceDate "2012.11.22"]
[SourceVersion "1"]
[SourceVersionDate "2012.11.22"]
[SourceQuality "1"]
[WhiteTeam "Borgerhout"]
[BlackTeam "Jean Jaures"]
[WhiteTeamCountry "BEL"]
[BlackTeamCountry "BEL"]

1. e4 e6 2. d4 d5 3. Nd2 Nf6 4. e5 Nfd7 5. Bd3 c5 6. c3 Nc6 7. Ne2 cxd4 8. cxd4 f6 9. exf6 Nxf6 10. Nf3 Bd6 11. Bg5 Qc7 12. 0-0 0-0 13. Bh4 Nh5 14. Bg3 Nxg3 15. hxg3 g6 16. Rc1 Qg7 17. Bb1 Bd7 18. Qd2 Rf6 19. a3 Raf8 20. Qe3 Ne7 21. Ne5 Nf5 22. Qd2 Bb5 23. Ng4 Bxe2 24. Nxf6+ Qxf6 25. Qxe2 Nxd4 26. Qe3 Nc6 27. Ba2 Be5 28. Rce1 Kg7 29. Re2 Bxb2 30. Qb3 Be5 31. Qxb7+ Ne7 32. Rxe5 Qxe5 33. Qxe7+ Rf7 34. Qb4 Rf5 35. Re1 Qc7 36. Rxe6 Qc2 37. Qe7+ Kh6 38. Re2 Qd1+ 39. Re1 Qd4 40. Qe3+ Qxe3 41. Rxe3 d4 42. Rd3 Rc5 43. Rxd4 Rc1+ 44. Kh2 Rc2 45. Bd5 Rxf2 46. Rh4+ Kg7 47. Rf4 Rd2 48. Rf7+ Kh6 49. Bf3 1-0

[Event "BEL-chT 1112"]
[Site "Belgium"]
[Date "2012.01.29"]
[Round "7.5"]
[White "Cekro, Ekrem"]
[Black "Westerweele, Henrik"]
[Result "1-0"]
[WhiteElo "2394"]
[BlackElo "1961"]
[PlyCount "71"]
[EventDate "2011.10.09"]
[EventType "team-tourn"]
[EventRounds "11"]
[EventCountry "BEL"]
[SourceTitle "EXT 2013"]
[Source "ChessBase"]
[SourceDate "2012.11.22"]
[SourceVersion "1"]
[SourceVersionDate "2012.11.22"]
[SourceQuality "1"]
[WhiteTeam "Fontaine"]
[BlackTeam "Jean Jaures"]
[WhiteTeamCountry "BEL"]
[BlackTeamCountry "BEL"]

1. c4 e6 2. g3 d5 3. Bg2 Nf6 4. Nf3 Be7 5. 0-0 0-0 6. b3 c5 7. Bb2 Nc6 8. e3 b6 9. Qe2 Bb7 10. d3 Qc7 11. Nc3 Rad8 12. Rac1 Rfe8 13. Rfd1 Qb8 14. cxd5 exd5 15. Nb1 d4 16. exd4 Nxd4 17. Nxd4 cxd4 18. Qf1 Ng4 19. Re1 Bg5 20. Rcd1 Nxf2 21. Qxf2 Be3 22. Rxe3 dxe3 23. Qe2 Bxg2 24. Kxg2 f5 25. Nc3 Qb7+ 26. Kg1 b5 27. d4 a6 28. Rd3 f4 29. gxf4 Rd6 30. d5 Rg6+ 31. Kh1 Qe7 32. b4 a5 33. a3 axb4 34. axb4 h5 35. Bc1 Rg4 36. Rxe3 1-0